00476nam a2200157 i 4500001000300000100001600003245005200019260001900071040000800090041000800098942000700106008004100113999001700154856009800171952004900269bg1 aMARRILL, H. 0aBasic for IBM personal computers /cH. Marrill. aBoston,c1984. cBPK apol cKS s pl f |000 0 pol  c23435d23435 uhttp://koha.tu.koszalin.pl/cgi-bin/koha/opac-detail.pl?biblionumber=23435yKatalog online BPK 00104070aBPKbBPKcwo33535p01599039yKS